| 000 | 01133nam a2200301 u 4500 | ||
|---|---|---|---|
| 001 | 000019030 | ||
| 003 | DO-SdBNP | ||
| 005 | 20250307073709.0 | ||
| 008 | 100524s1997 dr r 000 m spa d | ||
| 020 | _a082703704x | ||
| 040 |
_aDO-SdBNP _bspa _cBNPHU |
||
| 082 |
_a928.61 _bH519C |
||
| 100 | 1 |
_aCarilla, Emilio _931678 |
|
| 245 | 1 | 0 |
_aPedro Henríquez Ureña : _bsigno de América / _cEmilio Carilla ; prólogo Juan Carlos Torchia Estrada. |
| 260 |
_aWashington, D.C. : _bSecretaría Ejecutiva para el Desarrollo Integral, _bOEA, _c1997. |
||
| 300 |
_axv, 186 p. : _bil., retrs. ; _c23 cm. |
||
| 490 | 1 |
_aInteramer _v62 |
|
| 490 | 1 | _aCultural | |
| 500 | _aIncluye notas | ||
| 600 | 1 | 0 |
_aHenríquez Ureña, Pedro, _d1884-1946 _xCrítica e interpretación _91718 |
| 650 | 4 |
_aAutores dominicanos _ySIGLO XX _vBIOGRAFÍAS _938197 |
|
| 651 | 4 |
_aRepública Dominicana _vBIOGRAFÍAS _91083 |
|
| 700 | 1 |
_aTorchia Estrada, Juan Carlos, _epról. _940943 |
|
| 710 | 2 |
_aOrganización de los Estados Americanos _917918 |
|
| 830 | 0 |
_aInteramer ; _n62 _pCultural _940944 |
|
| 910 | _aValidado. Control de calidad MFF | ||
| 942 |
_2ddc _cLBS1 |
||
| 999 |
_c18548 _d18548 |
||